Les meilleurs buteurs de l'histoire de Manchester City - Statistiques

Statistiques générales
  • Ce quiz a été pris 167 fois
    43 depuis la dernière actualisation
  • Le résultat moyen est 1 sur 10
Statistiques - réponses
Buts Nationalité Joueur % Correct
260 Argentine Sergio Agüero
100%
99 Angleterre Colin Bell
11%
87 Angleterre Francis Lee
5%
95 Pays de Galles Billy Meredith
3%
98 Angleterre Joe Hayes
3%
131 Angleterre Tommy Johnson
3%
83 Écosse Billie Gillespie
0%
177 Angleterre Eric Brook
0%
81 Angleterre Fred Tilson
0%
86 Angleterre Tommy Browell
0%
Aucun quiz correspondant
Distribution des résultats
% des personnes avec chaque résultat
Percentile par nombre de réponses
Votre historique - résultats
Vous n’avez pas pris ce quiz depuis la dernière actualisation